SENSİZ O KADAR BENSİZİM Kİ (Record no. 899328)
[ view plain ]
| 000 -LEADER | |
|---|---|
| sabit uzunluktaki kontrol alanı | 00250nam a2200097Ia 4500 |
| 001 - KONTROL NUMARASI | |
| kontrol alanı | 899328 |
| 005 - EN SON İŞLEMİN TARİH VE ZAMANI | |
| kontrol alanı | 20250826184446.0 |
| 008 - SABİT-UZUNLUKTA VERİ ÖĞELERİ--GENEL BİLGİ | |
| sabit uzunluktaki kontrol alanı | 250824s9999 xx 000 0 und d |
| 245 #0 - ESER / YAZAR | |
| ESER ADI | SENSİZ O KADAR BENSİZİM Kİ |
| Yazar Adı | OZAN AĞRI |
| 260 ## - YAYIN, DAĞITIM, VB. | |
| YAYIN EVİ | PANAMA YAYINLARI |
| Düşüm durumu | Kayıp durumu | Hasar Durumu | Ödünç verilmez | Ana kütüphane | Geçerli Kütüphane | Edinilen tarih | Toplam ödünç verme sayısı | Barkod | İade tarihi | Son görüntüleme tarihi | Son ödünç verme tarihi | Fiyatın geçerli olmaya başladığı tarih | Koha materyal türü |
|---|---|---|---|---|---|---|---|---|---|---|---|---|---|
| MAREŞAL MUSTAFA KEMAL ORTAOKULU | MAREŞAL MUSTAFA KEMAL ORTAOKULU | 24.08.2025 | 1 | 106515941 | 25.04.2026 | 10.04.2026 | 10.04.2026 | 26.08.2025 | Books |